[Event "Hilton Schachfestival"]
[Site "Basel SUI"]
[Date "2009.01.03"]
[Round "5"]
[White "Sokolov,And1"]
[Black "Czebe,A"]
[Result "1-0"]
[WhiteElo "2552"]
[BlackElo "2461"]

1.e4 d5 2.exd5 Qxd5 3.Nc3 Qd6 4.d4 Nf6 5.Nf3 g6 6.Nb5 Qd8 7.Bc4 Bg7 8.Bf4 Na6
9.O-O O-O 10.Re1 c6 11.Nc3 Nb4 12.Qd2 Bg4 13.Ne5 Bf5 14.Bb3 Nbd5 15.Rad1 Nxf4
16.Qxf4 Rc8 17.g4 Be6 18.Bxe6 fxe6 19.Qg3 Qa5 20.Nd3 Nd5 21.Nxd5 Qxd5 22.Nf4 Qxa2
23.Nxe6 Rf7 24.Ng5 Rf6 25.Rxe7 h6 26.Ne4 Re6 27.Nc3 Qc4 28.b3 Qxc3 29.Rxg7+  1-0

[Event "14th Open"]
[Site "Bosnjaci CRO"]
[Date "2009.01.04"]
[Round "2"]
[White "Grubisic,Iv"]
[Black "Brkic,Zd"]
[Result "0-1"]
[WhiteElo "1944"]
[BlackElo "2005"]

1.e4 d5 2.exd5 Qxd5 3.Nc3 Qd8 4.d4 g6 5.Nf3 Bg7 6.Be3 Nf6 7.Bc4 O-O 8.h3 Nc6
9.O-O Na5 10.Bd3 b6 11.Re1 Bb7 12.Bf4 Nc6 13.Bc4 a6 14.a3 Qd7 15.Qe2 Nxd4
16.Nxd4 Qxd4 17.Bxc7 Rac8 18.Bxa6 Rxc7 19.Nb5 Bxa6 20.Nxd4 Bxe2 21.Rxe2 Nd5
22.Rd1 Bxd4 23.Rxd4 e6 24.c4 Ne7 25.b3 Nc6 26.Rd6 Rd8 27.Red2 Rxd6 28.Rxd6 Kf8
29.f3 Ke7 30.Rd3 Rd7 31.Rc3 Rd2 32.c5 b5 33.a4 bxa4 34.bxa4 Kd7 35.Rb3 Kc7
36.Rc3 Ra2 37.Rc4 Ne7 38.h4 Kc6 39.h5 Kd5 40.Rf4 f5 41.g4 Kxc5 42.gxf5 exf5
43.hxg6 hxg6 44.Rh4 Nd5 45.Kh1 Kd6 46.Kg1 Ke5 47.Rc4 Ne3 48.f4+ Kd5 49.Rb4 Kc5
50.Rb3 Nd5 51.Rb5+ Kc6 52.Ra5 Nxf4 53.Ra6+ Kc5  0-1

[Event "Open A"]
[Site "Gjovik NOR"]
[Date "2009.01.04"]
[Round "6"]
[White "Isgandarova,K"]
[Black "Abasov,N"]
[Result "0-1"]
[WhiteElo "2206"]
[BlackElo "2363"]

1.e4 d5 2.exd5 Qxd5 3.Nc3 Qd6 4.d4 Nf6 5.Nf3 a6 6.g3 Bg4 7.h3 Bh5 8.Bg2 Nc6
9.g4 Bg6 10.a3 O-O-O 11.Be3 h5 12.g5 Nd5 13.Nxd5 Qxd5 14.O-O Qc4 15.Rc1 e5
16.Nd2 Qb5 17.d5 Nd4 18.Bxd4 exd4 19.Nb3 d3 20.c4 Qa4 21.f4 Bf5 22.Kh2 Bd6
23.Nd4 Qxd1 24.Rcxd1 Bh7 25.b4 b6 26.Kh1 Rde8 27.Nb3 Re3 28.c5 bxc5 29.bxc5 Be7
30.Rf3 Re2 31.Nd4 Ra2 32.f5 d2 33.Nb3 Bxg5 34.h4 Bh6 35.Rf2 Rxa3 36.Nxd2 Rd3
37.Be4 Rd4 38.Re2 Re8  0-1

[Event "Masters"]
[Site "Hastings ENG"]
[Date "2009.01.04"]
[Round "8"]
[White "Ledger,D"]
[Black "Calvert,D"]
[Result "1-0"]
[WhiteElo "2254"]
[BlackElo "2051"]

1.e4 d5 2.exd5 Qxd5 3.Nc3 Qd6 4.d4 Nf6 5.Nf3 a6 6.Bd3 Bg4 7.Ne4 Nxe4 8.Bxe4 c6
9.c3 Nd7 10.Qb3 Bxf3 11.Bxf3 b5 12.a4 Rc8 13.axb5 axb5 14.O-O e6 15.g3 Qc7
16.c4 bxc4 17.Qxc4 Bd6 18.Bd2 O-O 19.Rfc1 Nb8 20.Ra5 Rfd8 21.Rh5 g6 22.Ba5 Qb7
23.Bxd8 gxh5 24.Bg5 Qxb2 25.Bxh5 Qb4 26.Qxb4 Bxb4 27.Rb1 Na6 28.Be2  1-0

[Event "38th Rilton Cup 2008-9"]
[Site "Stockholm SWE"]
[Date "2009.01.04"]
[Round "8"]
[White "Wickstrom,L"]
[Black "Akbarinia,S"]
[Result "1/2-1/2"]
[WhiteElo "2183"]
[BlackElo "2337"]

1.e4 d5 2.exd5 Qxd5 3.Nc3 Qd6 4.d4 Nf6 5.Nf3 a6 6.g3 b5 7.Bg2 Bb7 8.O-O e6
9.Re1 c5 10.Bf4 Qd8 11.dxc5 Qxd1 12.Raxd1 Bxc5 13.Ne5 Bxg2 14.Kxg2 Nbd7 15.Ne4 Be7
16.Nxd7 Nxd7 17.Nd6+ Bxd6 18.Bxd6 O-O-O 19.Be7 Rde8 20.Bb4 Nb6 21.Bc3 Rhg8
22.Rd6 Nc4 23.Rd3 Rd8 24.Red1 Rxd3 25.Rxd3 Nb6 26.Ba5 Nd5 27.b3 Kb7 28.c4 Nf6
29.cxb5 axb5 30.a4 Nd5 31.axb5 Rc8 32.b4 Rc2 33.Rf3 f5 34.Rd3 g5 35.h3 h5
36.Kf1 Nf6 37.Rd6 Ne4 38.Rb6+ Ka8 39.Ra6+ Kb7 40.Rb6+ Ka8 41.Ra6+ Kb7 42.Rb6+  1/2-1/2

[Event "Open A"]
[Site "Gjovik NOR"]
[Date "2009.01.05"]
[Round "7"]
[White "Lovik,L"]
[Black "Caspi,I"]
[Result "1-0"]
[WhiteElo "2167"]
[BlackElo "2408"]

1.e4 d5 2.exd5 Qxd5 3.Nc3 Qd6 4.d4 Nf6 5.Nf3 c6 6.Ne5 Nbd7 7.Bf4 Nd5 8.Nxd5 Qxd5
9.Qf3 f6 10.Bc4 Qxf3 11.Bf7+ Kd8 12.Nxf3 Nb6 13.Bb3 g5 14.Nxg5 Kd7 15.Nf3 Nd5
16.Bd2 Rg8 17.O-O Ke8 18.Rfe1 Bg4 19.Nh4 Rd8 20.f3 Bc8 21.g3 e6 22.c4 Ne7
23.Bc3 Kf7 24.f4 c5 25.d5 exd5 26.cxd5 Rd6 27.a4 Bh6 28.Ng2 Nf5 29.Kf2 Nd4
30.Bxd4 cxd4 31.Rac1 Rb6 32.Rc7+ Kg6 33.Nh4+ Kh5 34.Rxc8  1-0

[Event "14th Open"]
[Site "Bosnjaci CRO"]
[Date "2009.01.08"]
[Round "8"]
[White "Dabo Peranic,R"]
[Black "Zovko,Mari"]
[Result "1-0"]
[WhiteElo "2318"]
[BlackElo "2161"]

1.e4 d5 2.exd5 Qxd5 3.Nc3 Qd6 4.d4 Nf6 5.Nf3 a6 6.Be3 Bg4 7.Qd2 e6 8.Ne5 Bf5
9.f3 h6 10.g4 Bh7 11.Bg2 Qd8 12.f4 c6 13.a3 Nbd7 14.Qe2 Bd6 15.O-O Qc7 16.Nc4 O-O
17.Nxd6 Qxd6 18.Rad1 Nb6 19.Bc1 Nbd5 20.Na4 Rad8 21.c4 b5 22.Nc5 bxc4 23.g5 Bd3
24.Nxd3 cxd3 25.Rxd3 Nd7 26.Qh5 Rfe8 27.Bd2 Nf8 28.Be4 f5 29.Bxd5 exd5 30.Rg3 Kh7
31.gxh6 g6 32.Qg5 Qe7 33.Re1 Qf7 34.Rge3 Rxe3 35.Rxe3 Rd7 36.Qh4 Ne6 37.Qe1 Nxd4
38.Bc3 Nc2 39.Re8 d4 40.Qe5  1-0

[Event "Paul Keres Mem Women"]
[Site "Tallinn EST"]
[Date "2009.01.10"]
[Round "1"]
[White "Fomina,T"]
[Black "Bashkite,V"]
[Result "0-1"]
[WhiteElo "2233"]
[BlackElo "2160"]

1.e4 d5 2.exd5 Qxd5 3.Nc3 Qd6 4.d4 Nf6 5.g3 a6 6.Bf4 Qb6 7.a3 Bg4 8.f3 Bf5
9.b4 Nc6 10.g4 Bg6 11.Be3 e5 12.Na4 Qa7 13.c3 O-O-O 14.Ne2 exd4 15.Bxd4 Nxd4
16.cxd4 Nd5 17.Kf2 Bd6 18.Nac3 Nxc3 19.Nxc3 Be5 20.Ne2 Bxd4+ 21.Kg2 Bxa1
22.Qxa1 f6 23.h4 h5 24.Nf4 Rd2+ 25.Be2 Qe3 26.Re1 Qxf4 27.Qc3 hxg4  0-1

[Event "Paul Keres Mem Women"]
[Site "Tallinn EST"]
[Date "2009.01.10"]
[Round "3"]
[White "Skinke,K"]
[Black "Bashkite,V"]
[Result "0-1"]
[WhiteElo "2211"]
[BlackElo "2160"]

1.e4 d5 2.exd5 Qxd5 3.Nc3 Qd6 4.d4 Nf6 5.Nf3 a6 6.Be2 Nc6 7.O-O Bg4 8.h3 Bh5
9.Be3 O-O-O 10.Nd2 Bxe2 11.Nxe2 e5 12.dxe5 Qxe5 13.c3 Nd5 14.Nf3 Qf5 15.Qc1 Nxe3
16.Qxe3 Bc5 17.Qg5 Qxg5 18.Nxg5 Ne5 19.Rad1 h6 20.Ne4 Bb6 21.Nf4 Rhe8 22.Ng3 c6
23.Nf5 g5 24.Nh5 Nd3 25.Nhg3 Re6 26.b3 Rf6 27.Rd2 Nf4 28.Rfd1 Rxd2 29.Rxd2 Kc7
30.Ng7 Kb8 31.Ne4 Rg6 32.Nf5 Re6 33.Neg3 h5 34.h4 f6 35.Kh2 Bc7 36.c4 Ng6
37.Kg1 Re1+ 38.Nf1 Nf4 39.Nd4 c5 40.Nf3 Ne2+ 41.Rxe2 Rxe2 42.hxg5 fxg5 43.Nxg5 Rxa2
44.Ne4 b6 45.g3 Be5 46.Ne3 Bd4 47.Nd5 Re2 48.Nef6 Rxf2 49.Nd7+ Kb7 50.Kh1 b5
51.Nf4 Kc6 52.Nb8+ Kb7 53.Nd7 h4  0-1

[Event "Paul Keres Mem Prelim"]
[Site "Tallinn EST"]
[Date "2009.01.10"]
[Round "7"]
[White "Sveshnikov,V"]
[Black "Korstin,M"]
[Result "1/2-1/2"]
[WhiteElo "2397"]
[BlackElo "2259"]

1.e4 d5 2.exd5 Qxd5 3.Nc3 Qd6 4.d4 a6 5.g3 Nf6 6.Bg2 Bg4 7.Nge2 Nc6 8.h3 Bxe2
9.Nxe2 O-O-O 10.O-O Nxd4 11.Nxd4 Qxd4 12.Qf3 c6 13.Be3 Qd5 14.Qe2 Qh5 15.Bf3 Qb5
16.c4 Qf5 17.Rfd1 Rxd1+ 18.Rxd1 e6 19.Bf4 Bc5 20.a3 Rd8 21.Rxd8+ Kxd8 22.Qd2+ Ke8
23.b4 Be7 24.Kg2 g5 25.Bxg5 Ne4 26.Bxe4 Qxe4+ 27.Kh2 Qxc4 28.Bxe7 Kxe7 29.Qg5+ Kd7
30.Qh5 Ke8 31.Qxh7 Qd4 32.Qc2 Kd7 33.h4 b6 34.h5 c5 35.bxc5 bxc5 36.h6 c4
37.h7 c3 38.Kg2 Ke7 39.Kf1 Kf8 40.Qe4 Qxe4 41.h8=Q+ Ke7 42.Qxc3 Qb1+ 43.Kg2 Kd7
44.Qc2  1/2-1/2

[Event "7th Parsvnath Open"]
[Site "New Delhi IND"]
[Date "2009.01.11"]
[Round "2"]
[White "Saptarshi,R"]
[Black "Bhattacharya,N"]
[Result "1-0"]
[WhiteElo "2410"]
[BlackElo "2109"]

1.e4 d5 2.exd5 Qxd5 3.Nc3 Qd6 4.d4 a6 5.Be3 Nf6 6.Qd2 Bf5 7.Nf3 e6 8.h3 Nc6
9.a3 h6 10.Bf4 Qd7 11.O-O-O Nd5 12.Ne5 Nxe5 13.Bxe5 Qc6 14.Nxd5 Qxd5 15.Qc3 f6
16.Bc4 Qd7 17.Bh2 Bd6 18.g4 Bxh2 19.gxf5 Bf4+ 20.Kb1 exf5 21.Rhe1+ Kf8 22.Qf3 g5
23.Be6 Qc6 24.d5 Qe8 25.Bxf5 Qf7 26.Be6 Qg7 27.Bf5 Qf7 28.Be6 Qg7 29.Qe4 Qe7
30.Qg6 Qg7 31.Qf5 Re8 32.Bc8 Re5 33.Rxe5 Bxe5 34.Bxb7 Qe7 35.Bxa6 Qd6 36.Bc4 c5
37.Qe6 Qb8 38.b3 Qd6 39.Qxd6+ Bxd6 40.c3 h5 41.Rg1 Ke7 42.Kb2 Bf4 43.b4 Kd6
44.a4 cxb4 45.cxb4 Bd2 46.Kb3 Rb8 47.Bb5 f5 48.Rd1 Bf4 49.Bc6 g4 50.hxg4 fxg4
51.a5 h4 52.a6 Be3 53.fxe3 g3 54.a7 Rf8 55.Rg1  1-0

[Event "Bela Perenyi Mem"]
[Site "Budapest HUN"]
[Date "2009.01.13"]
[Round "5"]
[White "Paschall,W"]
[Black "Zentai,P2"]
[Result "1/2-1/2"]
[WhiteElo "2354"]
[BlackElo "2228"]

1.e4 d5 2.exd5 Qxd5 3.Nc3 Qd6 4.d4 Nf6 5.Nf3 g6 6.Be3 a6 7.Bc4 Bg7 8.Ne5 O-O
9.Bb3 Nc6 10.Nxc6 Qxc6 11.d5 Qd7 12.Qf3 Rb8 13.a4 b6 14.O-O Bb7 15.a5 b5
16.Bc5 Ne8 17.Rfe1 Nd6 18.Rad1 Rfe8 19.Rd3 Rbd8 20.Qf4 Qf5 21.Qxf5 Nxf5 22.f3 Rd7
23.Kf2 Red8 24.g4 Nd6 25.Rde3 Re8 26.Kg3 Nc8 27.Rd3 Red8 28.Red1 Nd6 29.Bd4 Ne8
30.Bxg7 Kxg7 31.Ne4 Ba8 32.Nc5 Rd6 33.Ne4 R6d7 34.h4 h6 35.g5 h5 36.Nc5 Rd6
37.c4 Rb8 38.Ne4 bxc4 39.Bxc4 Rxb2 40.R3d2 Rb4 41.Nxd6 Nxd6 42.Bd3 Ra4 43.Rc1 Rxa5
44.Rxc7 Rxd5 45.Rxe7 Rxd3 46.Rxf7+ Kxf7 47.Rxd3 Nf5+ 48.Kf4  1/2-1/2

[Event "ch-BLR"]
[Site "Minsk BLR"]
[Date "2009.01.13"]
[Round "1"]
[White "Zhigalko,S"]
[Black "Zhigalko,A"]
[Result "1/2-1/2"]
[WhiteElo "2587"]
[BlackElo "2572"]

1.e4 d5 2.exd5 Qxd5 3.Nc3 Qd6 4.Ne4 Qe6 5.Qe2 Nf6 6.d3 g6 7.g3 Nxe4 8.dxe4 Bd7
9.Nh3 Bg7 10.Nf4 Qd6 11.c3 e5 12.Nd3 Be6 13.Be3 Nd7 14.Bg2 O-O 15.Rd1 Qe7
16.b3 a5 17.c4 a4 18.O-O  1/2-1/2

[Event "Queenstown Classic"]
[Site "Queenstown NZL"]
[Date "2009.01.17"]
[Round "3"]
[White "Saw,G"]
[Black "Fitzpatrick,A"]
[Result "1-0"]
[WhiteElo "2257"]
[BlackElo "2008"]

1.e4 d5 2.exd5 Qxd5 3.Nc3 Qd6 4.d4 Nf6 5.Nf3 a6 6.g3 b5 7.Bg2 Bb7 8.O-O e6
9.Bf4 Qb6 10.a4 Bd6 11.Bxd6 cxd6 12.axb5 axb5 13.Qd3 Rxa1 14.Rxa1 Ba6 15.b4 O-O
16.Ng5 Nbd7 17.Ra5 Rc8 18.Ne2 h6 19.Ne4 Nxe4 20.Bxe4 Nf6 21.Bf3 Rc4 22.c3 Bb7
23.h4 g6 24.Nf4 Kg7 25.Qe3 Bxf3 26.Qxf3 Qc7 27.Rxb5 Rxc3 28.Rb7 Rc1+ 29.Kh2 Qc4
30.d5 Qf1 31.Nxe6+ Kg8 32.Rb8+ Kh7 33.Rh8+  1-0

[Event "TCh-AUT 2nd Bundesliga West 2008-9"]
[Site "Austria AUT"]
[Date "2009.01.18"]
[Round "8"]
[White "Hrvacic,P"]
[Black "Natter,M"]
[Result "0-1"]
[WhiteElo "2298"]
[BlackElo "2121"]

1.e4 d5 2.exd5 Qxd5 3.Nc3 Qd6 4.d4 Nf6 5.g3 Bg4 6.f3 Bf5 7.Nb5 Qd8 8.c3 c6
9.Na3 Nbd7 10.Nc4 e6 11.Nh3 Be7 12.Ne3 Bg6 13.Nf4 e5 14.Nxg6 hxg6 15.d5 Qc7
16.dxc6 Qxc6 17.Qb3 O-O 18.Qc4 Qxf3 19.Bg2 Qh5 20.Bxb7 e4 21.Qe2 Rab8 22.Qxh5 gxh5
23.Ba6 Nc5 24.Bc4 Rfd8 25.Nf5 Bf8 26.O-O Nd3 27.b3 Nxc1 28.Raxc1 Bc5+ 29.Kh1 Rd2
30.b4 Bb6 31.Nh4 Kh7 32.Nf5 Ng4 33.Nd4 Ne3 34.Bxf7 Nxf1 35.Rxf1 Bxd4 36.cxd4 e3
37.Re1 g6 38.Rxe3 Rc8 39.Re1 Rxd4 40.Bb3 Rd2 41.b5 Rc7 42.Kg1 Kg7 43.Rf1 Re2
44.Rf2 Rc1+ 45.Kg2 Rxf2+ 46.Kxf2 Kf6 47.h4 Rc5 48.a4 Rc1 49.a5 Rc3 50.Bd5 Rc5
51.Bc6 a6 52.Be8 axb5 53.a6 b4 54.a7 Ra5  0-1

[Event "4NCL 2008-9"]
[Site "Sunningdale ENG"]
[Date "2009.01.18"]
[Round "6"]
[White "Coleman,D"]
[Black "Burke,J"]
[Result "1-0"]
[WhiteElo "2208"]
[BlackElo "2085"]

1.e4 d5 2.exd5 Qxd5 3.Nc3 Qd8 4.Nf3 Nf6 5.d4 c6 6.Bc4 b5 7.Bb3 e6 8.O-O Bd6
9.Re1 O-O 10.Bg5 Nbd7 11.Ne4 Be7 12.Nxf6+ Nxf6 13.Ne5 Bb7 14.Qe2 Nd5 15.Bxd5 Bxg5
16.Bb3 Kh8 17.Rad1 g6 18.Rd3 Kg7 19.c3 Rc8 20.Rh3 Rc7 21.Nd3 Bc8 22.f4 Bh4
23.Rxh4  1-0

[Event "Open"]
[Site "Marianske Lazne CZE"]
[Date "2009.01.21"]
[Round "5"]
[White "Bebel,A"]
[Black "Wagner,N"]
[Result "1/2-1/2"]
[WhiteElo "2249"]
[BlackElo "2100"]

1.e4 d5 2.exd5 Qxd5 3.Nc3 Qd6 4.d4 Nf6 5.Nf3 a6 6.Bd3 Bg4 7.Ne4 Nxe4 8.Bxe4 Nd7
9.c3 c6 10.h3 Bh5 11.O-O e6 12.Qb3 Qc7 13.Re1 Be7 14.c4 O-O 15.Bg5 f6 16.Bh4 Bf7
17.Bg3 Qc8 18.Qc2 g6 19.h4 Bd8 20.Bd3 Bc7 21.Bxc7 Qxc7 22.c5 Rae8 23.Qc3 e5
24.dxe5 Nxe5 25.Nxe5 fxe5 26.Re3 Bd5 27.h5 e4 28.Be2 Re6 29.Rf1 Ref6 30.Rg3 Qf4
31.Qe3 Qxe3 32.Rxe3 g5 33.a3 Kg7 34.b3 Rf5 35.Bd1 Kh6 36.Rc3 Rg8 37.g4 Rf4
38.Kh2 Re8 39.Re3 Ref8 40.Kg3 Kg7 41.Be2 Kf6 42.b4 Ke5 43.Kg2  1/2-1/2

[Event "Queenstown Classic"]
[Site "Queenstown NZL"]
[Date "2009.01.21"]
[Round "7"]
[White "Solomon,SJ"]
[Black "Dizdarevic,M"]
[Result "1-0"]
[WhiteElo "2460"]
[BlackElo "2102"]

1.e4 d5 2.exd5 Qxd5 3.Nc3 Qd6 4.g3 Nf6 5.Bg2 a6 6.d4 Nc6 7.Bf4 Qd8 8.d5 Nb8
9.Qd4 g6 10.Qc4 Bf5 11.Qxc7 Qxc7 12.Bxc7 Bxc2 13.Nf3 Bf5 14.O-O Bg7 15.Rfe1 Bc8
16.Bd6 Ng8 17.Re2 Kd8 18.Ba3 Bf6 19.Rae1 Bd7 20.Ne4 Bb5 21.Nxf6 Bxe2 22.Ng5 Nxf6
23.Nxf7+ Kc7 24.Nxh8 Bb5 25.Rxe7+ Nbd7 26.Nf7 Bc4 27.Ne5 Bxa2 28.d6+ Kd8
29.Bxb7 Nxe5 30.Bxa8 Ned7 31.Bb4 Kc8 32.Bc6 h5 33.h4 Bc4 34.Bc3  1-0

[Event "ch-PriFO"]
[Site "Kazan RUS"]
[Date "2009.01.22"]
[Round "2"]
[White "Predke,A"]
[Black "Khairullin,I"]
[Result "0-1"]
[WhiteElo "2324"]
[BlackElo "2574"]

1.e4 d5 2.exd5 Qxd5 3.Nc3 Qd6 4.d4 Nf6 5.g3 Bg4 6.f3 Bf5 7.Bf4 Qd7 8.d5 e6
9.Bb5 c6 10.dxc6 Nxc6 11.Qxd7+ Nxd7 12.O-O-O Rc8 13.Nge2 e5 14.Be3 a6 15.Bd3 Be6
16.Be4 Nf6 17.Kb1 Be7 18.Nd5 Nxe4 19.fxe4 Bg4 20.Ndc3 Na5 21.h3 Nc4 22.Bc1 Be6
23.Nd5 Bc5 24.g4 h5 25.g5 Nd6 26.Nec3 Bd4 27.Be3 Bxe3 28.Nxe3 Rxc3 29.bxc3 Nxe4
30.Rde1 Nxg5 31.Nf5 g6 32.Nd6+ Ke7 33.Ne4 Nxh3 34.Nc5 Nf2 35.Rhf1 Ng4 36.Re4 f5
37.Rb4 Bd5 38.Rb6 Rc8 39.Rxg6 Rxc5 40.Rxf5 Bf7 41.Rb6 Rb5+  0-1

[Event "Open"]
[Site "Marianske Lazne CZE"]
[Date "2009.01.23"]
[Round "7"]
[White "Endler,B"]
[Black "Christensen,He1"]
[Result "1/2-1/2"]
[WhiteElo "1912"]
[BlackElo "2098"]

1.e4 d5 2.exd5 Qxd5 3.Nc3 Qd6 4.d4 Nf6 5.Nf3 c6 6.h3 Bf5 7.Bd3 Bxd3 8.Qxd3 Nbd7
9.Bg5 e6 10.Bh4 Qc7 11.Bg3 Bd6 12.Bxd6 Qxd6 13.Qe2 Qb4 14.Rb1 Rd8 15.O-O O-O
16.Rfd1 Nb6 17.a3 Qa5 18.Ne5 Nbd5 19.Nxd5 Qxd5 20.Rd3 Qe4 21.Qd2 Qh4 22.Nf3 Qh5
23.Re1 Qb5 24.b3 Qb6 25.Re5 Rd5 26.c4 Rxe5 27.Nxe5 c5 28.dxc5 Qxc5 29.Nd7 Nxd7
30.Rxd7  1/2-1/2

[Event "ch-PriFO"]
[Site "Kazan RUS"]
[Date "2009.01.25"]
[Round "5"]
[White "Alavkin,A"]
[Black "Terekhin,A"]
[Result "1-0"]
[WhiteElo "2464"]
[BlackElo "2300"]

1.e4 d5 2.exd5 Qxd5 3.Nc3 Qd8 4.d4 Nf6 5.Bc4 c6 6.Nf3 b5 7.Bb3 e6 8.Ne5 a5
9.a3 a4 10.Ba2 Be7 11.Qf3 Ra6 12.Be3 O-O 13.O-O Nd5 14.Ne4 f5 15.Nc5 f4 16.Bd2 Bxc5
17.dxc5 Rf5 18.Rfe1 Qf6 19.Nd3 Ra7 20.Re4 g5 21.Rae1 Na6 22.Bc3 Qf8 23.Bd4 Bd7
24.Rxe6 Bxe6 25.Rxe6 Rd7 26.Ne5 Rxe5 27.Rxe5 h6 28.Rxd5 cxd5 29.Bxd5+  1-0

[Event "Open"]
[Site "Marianske Lazne CZE"]
[Date "2009.01.25"]
[Round "9"]
[White "Matejovsky,O"]
[Black "Wagner,N"]
[Result "1/2-1/2"]
[WhiteElo "2053"]
[BlackElo "2100"]

1.e4 d5 2.exd5 Qxd5 3.Nc3 Qd6 4.Bc4 Nf6 5.d4 a6 6.Nf3 b5 7.Bb3 Bb7 8.O-O e6
9.Ne5 c5 10.Bf4 c4 11.Ng6 Qc6 12.d5 Nxd5 13.Nxd5 Qxd5 14.Qxd5 Bxd5 15.Nxh8 cxb3
16.axb3 Nd7 17.Rfd1 Be7 18.c4 Bc6 19.Bd6  1/2-1/2

[Event "Bundesliga 2008-9"]
[Site "Berlin GER"]
[Date "2009.01.31"]
[Round "10"]
[White "Wegener,D1"]
[Black "Heinzel,O"]
[Result "1-0"]
[WhiteElo "2353"]
[BlackElo "2378"]

1.e4 d5 2.exd5 Qxd5 3.Nc3 Qd8 4.d4 Nf6 5.Nf3 Bg4 6.h3 Bxf3 7.Qxf3 c6 8.Be3 e6
9.O-O-O Nbd7 10.g4 Nd5 11.Nxd5 cxd5 12.h4 Be7 13.g5 h5 14.g6 f5 15.Kb1 Qb6
16.c4 Nf6 17.Bf4 Rd8 18.Be5 Kf8 19.cxd5 Nxd5 20.Bc4 Rh6 21.Rhg1 Bf6 22.Bxd5 Rxd5
23.Qa3+  1-0

[Event "TCh-BEL 2008-9"]
[Site "Belgium BEL"]
[Date "2009.02.02"]
[Round "8"]
[White "Fiebig,T"]
[Black "Dutreeuw,M"]
[Result "1-0"]
[WhiteElo "2401"]
[BlackElo "2388"]

1.e4 d5 2.exd5 Qxd5 3.Nc3 Qd6 4.d4 Nf6 5.Nf3 c6 6.Ne5 Nbd7 7.Nc4 Qe6+ 8.Ne3 Nb6
9.Be2 g6 10.O-O Bg7 11.Bf3 O-O 12.Re1 Qd6 13.a4 a5 14.d5 cxd5 15.Nexd5 Nfxd5
16.Nxd5 Nxd5 17.Qxd5 Qxd5 18.Bxd5 Rd8 19.Bb3 Ra6 20.Bg5 Bxb2 21.Bxe7 Re8
22.Bg5 Be6 23.Rad1 Bc3 24.Re3 Bb4 25.g3 Kg7 26.Bf4 f6 27.Bc4 Rb6 28.Bc7 Rc6
29.Bb5 Rxc7 30.Bxe8 Bf5 31.c3 Bc5 32.Ree1 Ba3 33.Rd5 Bb2 34.Bd7 Bxd7 35.Re7+ Kh6
36.Rdxd7 Rxd7 37.Rxd7 Bxc3 38.Rxb7 g5 39.g4 Kg6 40.Kg2 h5 41.h3  1-0

[Event "14th HIT Open"]
[Site "Nova Gorica SLO"]
[Date "2009.02.04"]
[Round "6"]
[White "Pavasovic,D"]
[Black "Sedlak,N"]
[Result "1/2-1/2"]
[WhiteElo "2598"]
[BlackElo "2592"]

1.e4 d5 2.exd5 Qxd5 3.Nc3 Qd6 4.d4 c6 5.Nf3 Nf6 6.Ne5 Nbd7 7.Nc4 Qc7 8.Qf3 Nb6
9.Bf4 Qd7 10.O-O-O Qg4 11.Qxg4 Bxg4 12.f3 Be6 13.Nxb6 axb6 14.Bc7 b5 15.d5 Bd7
16.a3 e6 17.dxc6 bxc6 18.Ne4 Nxe4 19.fxe4 Ra7 20.Bb8 Rb7 21.Bg3 c5 22.Be2 Bc6
23.Bf3 Be7 24.Bd6 Rd7 25.Bg3 h5 26.Rxd7 Kxd7 27.Rd1+ Kc8 28.Be5 Rh7 29.h3 g5
30.Bd6 Bxd6 31.Rxd6 Kc7 32.e5 Bxf3 33.gxf3 g4 34.fxg4 hxg4 35.hxg4 Rg7 36.Ra6 Rxg4
37.Ra7+ Kc6 38.Rxf7 Re4  1/2-1/2

[Event "Open A"]
[Site "Moscow RUS"]
[Date "2009.02.07"]
[Round "8"]
[White "Inarkiev,E"]
[Black "Tiviakov,S"]
[Result "1/2-1/2"]
[WhiteElo "2656"]
[BlackElo "2684"]

1.e4 d5 2.exd5 Qxd5 3.Nc3 Qd6 4.d4 Nf6 5.Nf3 c6 6.h3 Bf5 7.Bd3 Bxd3 8.Qxd3 Nbd7
9.Bg5 e6 10.O-O-O Be7 11.Kb1 O-O-O 12.Bh4 Qc7 13.Qe2 Rde8 14.Bg3 Bd6 15.Ne5 Rhf8
16.Rd3 Kb8 17.Rhd1 Nb6 18.a3 Ka8 19.h4 g6 20.Bh2 Nbd5  1/2-1/2

[Event "80th ch-GER"]
[Site "Saarbruecken GER"]
[Date "2009.02.07"]
[Round "2"]
[White "Hirneise,J"]
[Black "Tabatt,H"]
[Result "0-1"]
[WhiteElo "2325"]
[BlackElo "2322"]

1.e4 d5 2.exd5 Qxd5 3.Nc3 Qd6 4.d4 Nf6 5.Nf3 c6 6.Bc4 Be6 7.Bxe6 Qxe6+ 8.Ne2 Nbd7
9.O-O Qf5 10.c4 e6 11.Qb3 b6 12.Ng3 Qa5 13.Bd2 Qa6 14.Rfe1 Be7 15.a4 O-O
16.Qc2 Qb7 17.b4 a6 18.Rab1 Rfc8 19.Ne5 b5 20.c5 Rd8 21.Ra1 Nf8 22.axb5 axb5
23.Rxa8 Rxa8 24.Qb2 Bd8 25.Ra1 Bc7 26.f3 Ng6 27.Ne4 Rxa1+ 28.Qxa1 Bxe5 29.dxe5 Nxe4
30.fxe4 Qd7 31.Qa8+ Nf8 32.Be3 Qd3 33.Bg5 Qxe4 34.g3 Qd4+ 35.Kg2 Qd5+ 36.Kg1 Qd7
37.Qb8 h6 38.Bd8 Qd4+ 39.Kg2 Qd5+ 40.Kg1 Nd7 41.Qc8 Kh7 42.Bc7 f6 43.exf6 Nxf6
44.h3 Ne4  0-1

[Event "2nd Pfalz Open"]
[Site "Neustadt an der Weinstrasse GER"]
[Date "2009.02.16"]
[Round "2"]
[White "Armbrust,F"]
[Black "Tiviakov,S"]
[Result "0-1"]
[WhiteElo "2321"]
[BlackElo "2684"]

1.e4 d5 2.exd5 Qxd5 3.Nc3 Qd6 4.d4 Nf6 5.Nb5 Qb6 6.d5 e6 7.Be3 Bc5 8.Bxc5 Qxc5
9.d6 Na6 10.dxc7 O-O 11.c3 Bd7 12.Nd4 Nxc7 13.Ngf3 e5 14.Nb3 Qe7 15.Be2 Nfd5
16.O-O Nf4 17.Ne1 Rad8 18.Qc2 Qf6 19.Bf3 Bf5 20.Be4 Nh3+  0-1

[Event "81st ch-StP"]
[Site "St Petersburg RUS"]
[Date "2009.02.18"]
[Round "2"]
[White "Vysochin,S"]
[Black "Kosov,Iv"]
[Result "1-0"]
[WhiteElo "2526"]
[BlackElo "2383"]

1.e4 d5 2.exd5 Qxd5 3.Nc3 Qd8 4.d4 c6 5.Nf3 Bf5 6.Ne5 Nd7 7.Qf3 Bg6 8.Nxd7 Qxd7
9.d5 Nf6 10.dxc6 bxc6 11.Bb5 Rc8 12.Ba6 Rd8 13.O-O Bh5 14.Qg3 e6 15.Bf4 Qd4
16.Be5 Qb6 17.Bd3 Rd7 18.Qh4 Qa5 19.Bxf6 gxf6 20.Ne4  1-0

[Event "2nd Pfalz Open"]
[Site "Neustadt an der Weinstrasse GER"]
[Date "2009.02.20"]
[Round "7"]
[White "Muzychuk,A"]
[Black "Kuzubov,Y"]
[Result "1/2-1/2"]
[WhiteElo "2540"]
[BlackElo "2626"]

1.e4 d5 2.exd5 Qxd5 3.Nc3 Qd8 4.d4 Nf6 5.Bc4 Nbd7 6.Nf3 Nb6 7.Bb3 e6 8.O-O Be7
9.Re1 O-O 10.Ne4 Bd7 11.Ne5 Ba4 12.Bxa4 Nxa4 13.c4 Nb6 14.b3 Nbd7  1/2-1/2

[Event "TCh-HUN 2008-9"]
[Site "Budapest HUN"]
[Date "2009.02.22"]
[Round "8"]
[White "Antok,D"]
[Black "Honos,A"]
[Result "1/2-1/2"]
[WhiteElo "2273"]
[BlackElo "2298"]

1.e4 d5 2.exd5 Qxd5 3.Nc3 Qd6 4.d4 Nf6 5.Nf3 Bg4 6.h3 Bh5 7.Bd3 Nc6 8.Be3 e6
9.Qe2 Be7 10.g4 Bg6 11.a3 Bxd3 12.Qxd3 O-O 13.O-O-O a6 14.Bg5 b5 15.d5 Nxd5
16.Nxd5 exd5 17.Qxd5 Bxg5+ 18.Qxg5 Qe6 19.Qd5 Qg6  1/2-1/2

[Event "Spring"]
[Site "Mukachevo UKR"]
[Date "2009.02.23"]
[Round "1"]
[White "Kostromin,M"]
[Black "Boricsev,O"]
[Result "1/2-1/2"]
[WhiteElo "2378"]
[BlackElo "2287"]

1.e4 d5 2.exd5 Qxd5 3.Nc3 Qd6 4.d4 Nf6 5.Bg5 c6 6.Qd2 Bf5 7.Nf3 e6 8.Nh4 Bg6
9.O-O-O Nbd7 10.Nxg6 hxg6 11.g3 Qb4 12.Bg2 Nb6 13.a3 Qa5 14.Ne4 Qxd2+ 15.Nxd2 O-O-O
16.Nf3 Bd6 17.Rde1 Rd7 18.Ne5 Rc7 19.h4 Rf8 20.Bd2 c5 21.dxc5 Bxc5 22.Re2 Nfd7
23.Bf4 Be7 24.Nd3 Rc4 25.b3 Rc3 26.Kd2 Bf6 27.g4 a5 28.g5 Bd4 29.Be3 e5 30.Bxd4 exd4
31.Re4 Kb8 32.Rxd4 Rfc8 33.Rc1 a4 34.bxa4 Rxa3 35.Rb1 Rc7 36.Rdb4 Ka7 37.Kd1 Rxa4
38.Rxa4+  1/2-1/2

[Event "Spring"]
[Site "Mukachevo UKR"]
[Date "2009.02.25"]
[Round "5"]
[White "Bernadskiy,V"]
[Black "Boricsev,O"]
[Result "1-0"]
[WhiteElo "2276"]
[BlackElo "2287"]

1.e4 d5 2.exd5 Qxd5 3.Nc3 Qd8 4.Nf3 Nf6 5.Be2 Bf5 6.O-O h6 7.d4 e6 8.Bf4 c6
9.Ne5 Nbd7 10.Bd3 Bxd3 11.Qxd3 Nh5 12.Bg3 Nxg3 13.Qxg3 Nxe5 14.dxe5 Qg5 15.Rad1 Qxg3
16.hxg3 Be7 17.Rd3 Rd8 18.Rfd1 Rxd3 19.Rxd3 f6 20.exf6 Bxf6 21.Ne4 Ke7 22.b3 b6
23.Kh2 c5 24.g4 Be5+ 25.g3 h5 26.Kh3 hxg4+ 27.Kxg4 Rc8 28.Nd2 b5 29.f4 Bf6
30.Re3 Kf7 31.Ne4 Rc6 32.Rd3 Ke7 33.c4 b4 34.Re3 Bd4 35.Re2 a5 36.Ng5 Kf6
37.Kf3 e5 38.Kg4 exf4 39.gxf4 a4 40.bxa4 g6 41.a5 Bc3 42.Re6+ Rxe6 43.Nxe6 b3
44.axb3 Bxa5 45.Nxc5 Bb4 46.Nd3 Be7 47.b4 Ke6 48.b5 Kd7 49.Ne5+  1-0

[Event "Spring"]
[Site "Mukachevo UKR"]
[Date "2009.02.26"]
[Round "6"]
[White "Kostromin,M"]
[Black "Sevostianov,P"]
[Result "1/2-1/2"]
[WhiteElo "2378"]
[BlackElo "2257"]

1.e4 d5 2.exd5 Qxd5 3.Nc3 Qd6 4.d4 Nf6 5.Bg5 c6 6.Qd2 Bf5 7.Nf3 Nbd7 8.Nh4 Bg6
9.Be2 O-O-O 10.O-O e5 11.Nxg6 hxg6 12.dxe5 Qxd2 13.Bxd2 Nxe5 14.Rad1 Bd6
15.h3 Bc5 16.Na4 Bd6 17.Bg5 Bc7 18.Rxd8+ Rxd8 19.Rd1 Rxd1+ 20.Bxd1 Ne4 21.Be3 b6
22.Be2 Bd6 23.Bd4 Kc7 24.Nc3 Nc5 25.Be3 b5 26.Kf1 a6 27.Ke1 f5 28.Bc1 Ne6
29.Nb1 Nd7 30.Nd2 Nf6 31.g3 Bc5 32.Bd3 Bb6 33.Nf3 Nc5 34.Nh4 Nce4 35.f3 Bf2+
36.Ke2 Bxg3 37.Nxg6 Nd6 38.Ne7 f4 39.Ng6 Nd5 40.a3 Kd7 41.Be4 Nf6 42.Ne5+ Ke6
43.Nxc6 Nfxe4 44.fxe4 Nxe4 45.Kf3 Kf5 46.Ne7+ Ke5 47.Ng6+ Kf5 48.Nxf4 Bxf4
49.Bxf4 g5 50.Be3 Nf6 51.Ke2 g4 52.hxg4+ Nxg4 53.Kd3 Ke5 54.Bg1 Kd5 55.Kc3 Ne5
56.Bf2 Ke4  1/2-1/2